[Event "RSA-ch U12"]
[Site "Waterkloof"]
[Date "2015.04.08"]
[Round "7"]
[White "Nayagar, Veshaan"]
[Black "Mavuso, Njabulo"]
[Result "0-1"]
[WhiteElo "1081"]
[BlackElo "1191"]
[PlyCount "36"]
[EventDate "2015.04.04"]
[EventType "swiss"]
[EventRounds "9"]
[EventCountry "RSA"]
[SourceTitle "CBM 166 Extra"]
[Source "ChessBase"]
[SourceDate "2015.06.18"]
[SourceVersion "1"]
[SourceVersionDate "2015.06.18"]
[SourceQuality "1"]

1. d4 Nf6 2. c4 e6 3. Nf3 Bb4+ 4. Nc3 Ne4 5. Bd2 Bxc3 6. Bxc3 b6 7. e3 Bb7 8. Bd3 f5 9. Bxe4 Bxe4 10. 0-0 0-0 11. b4 d6 12. Qb3 Rf6 13. d5 e5 14. Rfd1 Rg6 15. Nh4 Bxg2 16. Nxg2 Qg5 17. Kf1 Qxg2+ 18. Ke1 Qxh2 0-1

[Event "RSA-ch U12"]
[Site "Waterkloof"]
[Date "2015.04.07"]
[Round "5"]
[White "Pather, Sachen"]
[Black "Mavuso, Njabulo"]
[Result "1-0"]
[WhiteElo "1226"]
[BlackElo "1191"]
[PlyCount "67"]
[EventDate "2015.04.04"]
[EventType "swiss"]
[EventRounds "9"]
[EventCountry "RSA"]
[SourceTitle "CBM 166 Extra"]
[Source "ChessBase"]
[SourceDate "2015.06.18"]
[SourceVersion "1"]
[SourceVersionDate "2015.06.18"]
[SourceQuality "1"]

1. e4 c6 2. d4 d5 3. e5 Bf5 4. Nf3 Bg6 5. Bf4 e6 6. Bd3 Bxd3 7. Qxd3 Ne7 8. Nbd2 Ng6 9. Bg3 Be7 10. 0-0 Nd7 11. c3 c5 12. Rfe1 c4 13. Qc2 0-0 14. Nf1 Re8 15. Ne3 Ndf8 16. Nd2 b5 17. Rf1 Bg5 18. f4 Bh6 19. Ng4 Ne7 20. Nxh6+ gxh6 21. Bh4 Nfg6 22. Bf6 Qd7 23. Qd1 Nf5 24. Qh5 Rec8 25. g4 Qe8 26. gxf5 exf5 27. Qxh6 Qf8 28. Qh5 Rab8 29. Rae1 b4 30. Re3 bxc3 31. bxc3 Rb2 32. Nf3 Rcb8 33. Ng5 h6 34. Ne6 1-0